000 00914nam a22002417a 4500
003 OSt
005 20260530113910.0
008 260420b1969 mx |||| |||| 00| 0 spa d
040 _aICI
_bspa
_cICI
050 _aHC123
_bC36 1969
100 _aCardoso, Fernando Henrique,
_eautor
_933279
245 _a Dependencia y desarrollo en América Latina :
_b ensayo de interpretación sociológica /
_cPor Fernando Henrique Cardoso y Enzo Faletto
264 _aMéxico :
_bSiglo XXI,
_c1969
300 _a166 paginas
_c18 cm.
336 _2rdacontent
_atexto
337 _2rdamedia
_asin medio
338 _2rdacarrier
_avolumen
502 _aReimpresiones: (16, 1979) -- (19, 1984) -- (25, 1992) -- (28, 1998) -- (29, 1999)
650 _aAmérica Latina
_xCondiciones económicas
_933280
650 _a América Latina
_x Dependencia extranjera
_933281
700 _a Faletto, Enzo,
_eautor
_933282
942 _2lcc
_cBK
999 _c12099
_d12099